00000000nam##2200000za#4500
0019.516618
003CaOODSP
00520210615083014
007ta
008150406|1993||||xxc|||||     f|0| 0 eng|d
020 |a0-660-58874-9
022 |a0706-148X
040 |aCaOODSP|beng
041 |aeng
041 |afre
043 |an-cn---
0861 |aS52-2/217-1993
1101 |aCanada.|bGovernment Services Canada. |bTranslation Services.
24510|aVocabulary of enzyme engineering / |cPrepared by Edgard Delvin and Gisèle Pham.
260 |aOttawa - Ontario : |bGovernment Services Canada. |c1993.
300 |a529p. : |breferences ; |c22 cm.
4901 |aTerminology bulletin|x0706-148X|v217
500 |aJoint project of the Medical Research Council of Canada and Government Services Canada.
5203 |aTerminology Bulletin 217. Prepared under the direction of Edgard Delvin and Gisèle Pham. Joint project of the Medical Research Council of Canada and Government Services Canada. Enzyme engineering is still a fairly new discipline, where chemical reactions are created to produce substances for commercial applications. This vocabulary is a collection of new terms having to do with this discipline, presenting definitions of 1,400 terms in both English and French.
546 |aBilingual
563 |aSoftcover
590 |a93-47|b1993-11-26
69007|aEngineering|2gcpds
69007|aTerminology|2gcpds
7201 |aDelvin, Edgard
7201 |aPham, Gisèle
7760#|tVocabulaire du génie enzymatique / |w(CaOODSP)9.590546
792 |tVocabulaire du génie enzymatique / |efre|w(CaOODSP)9.516619
830#0|aTerminology bulletin,|x0706-148X|v217|w(CaOODSP)9.509598